| 000 | 00425nam a2200181Ia 4500 | ||
|---|---|---|---|
| 001 | 10028 | ||
| 005 | 20260306161801.0 | ||
| 008 | 260306t1947||||xx |||||||||||||| ||spa|| | ||
| 041 | _aESP | ||
| 082 |
_aPE 869.56 _bV39 |
||
| 100 |
_aVelarde, Héctor _eAUT |
||
| 245 | 0 | _aEl hombre que perdió el tacto | |
| 260 | _c1947 | ||
| 300 |
_a129 páginas : _ccm. |
||
| 650 | _aGEN | ||
| 654 | _aCHU | ||
| 942 |
_cLIB _dJUS _fJUS _2ddc _n |
||
| 999 |
_c10028 _d10028 |
||